Gas chromatography with glass capillary columns

Збережено в:
Бібліографічні деталі
Автор: Jennings, Walter (Автор)
Формат: Книга
Мова:Англійська
Опубліковано: Nueva York Academic Press 1980
Редагування:2a. ed
Предмети:
Теги: Додати тег
Немає тегів, Будьте першим, хто поставить тег для цього запису!

MARC

LEADER 00000nam a2200000 a 4500
001 UCP9160
003 CL-VaPUC
008 000317e19800000US |||||||||||||||||eng|d
082 0 4 |a 543.0896  |b JEN  |2 21 
100 0 |a Jennings, Walter  |e author  |9 439568 
245 1 0 |a Gas chromatography with glass capillary columns 
250 |a 2a. ed 
300 |a 320 p 
942 |c BK 
945 |d 20000317 00:00:00  |a vberengu 
260 |a Nueva York  |b Academic Press  |c 1980 
650 7 |a CAPILARIDAD  |2 CL-VaPUC  |9 431587 
650 0 |a Cromatografía de gases  |9 262812 
650 0 |a Gases  |9 260945 
583 |a last modification  |c 20000317 00:00:00  |k Rodrigo Vera 
999 |c 286006  |d 286004